000 00577nam a22001937a 4500
999 _c172454
_d172454
005 20200205154703.0
010 _aA-688449
020 _c80.00
_a-
035 _aA-688449
037 _bDBAD/PUB
_a-
082 _a841
100 _aمتر سنگھ آ شنا
245 _aغز ل آ شنا
_cمتر سنگھ آ شنا
246 _bGhazal Ashna (Urdu)
_aby Mitr Singh Ashna
260 _aN.Delhi
_bAsian Publications
_c1993 ء
270 _aE-159,Greater Kailash1
_bN.Delhi
_e-
_k-
_l-
300 _a156 ص
_c22 Cm(Hb)
942 _2ddc
_cUR
_h841
_mم ت ر